000 00423nam a2200169Ia 4500
008 220216s9999 xx 000 0 und d
100 _aClaramma N M
245 0 _aNatural rubber silica composite: In-situ formation
260 _bIndian Rubber Journal
_c2006
300 _a80-82
650 _aNatural rubber
650 _aReinforcement
650 _aSilica
700 _aAlex R
700 _aMathew N M
942 _cBS
999 _c50972
_d50972